000 00558nam a2200193 a 4500
001 14009
003 CO-ViMGA
008 141112s2004 ck r 000 u spa d
020 _a8487520227
040 _aCO-ViMGA
_bspa
_cCO-ViMGA
082 0 4 _a372.86 C177
100 1 _aCastejon O. Francisco,
_920468
245 1 0 _aEvaluacion de la educación fisica por indicadores educativos
260 _aSevilla :
_bWanceulen,
_c1996
300 _a143
590 _aForma de adquisición : Compra
650 1 4 _aeducación FISICA - EVALUACION
_920469
942 _2ddc
_cBK
999 _c24710
_d24710